| 000 | 00518nam a2200169Ia 4500 | ||
|---|---|---|---|
| 003 | OSt | ||
| 005 | 20201223151017.0 | ||
| 008 | 190216s9999||||xx |||||||||||||| ||und|| | ||
| 040 | _coclc | ||
| 082 |
_a297.124 _bPAS/A |
||
| 100 |
_aPasha, N K Musthafa Kamal _91889 |
||
| 245 | 0 |
_aAssihahussitha = Encyclopaedia Of Hadith / _cN K Musthafa Kamal Pasha |
|
| 260 |
_bBlossom Books, _c2010. _aEdayur: |
||
| 300 | _a1030p | ||
| 650 | _aReferences | ||
| 942 |
_cREF _2ddc _h297.124 _iPAS/A _k297.124 _mPAS/A |
||
| 999 |
_c37052 _d37052 |
||